000 00390nam a2200133 i 4500
001 bg
100 1 _aWÜRSTLIN, D.
245 0 _aRegulacja urządzeń ogrzewczych wentylacyjnych i klimatyzacyjnych. Dynamika i właściwości układów regulacji /
_cD. Würstlin.
260 _aWarszawa,
_c1978.
040 _cBPK
041 _apol
942 _cKS
008 s pl f |000 0 pol
999 _c5278
_d5278
856 _uhttp://koha.tu.koszalin.pl/cgi-bin/koha/opac-detail.pl?biblionumber=5278
_yKatalog online BPK